Normal view
MARC view
- Hurlburt, Russell T.
Entry Personal Name
001 - CONTROL NUMBER
- control field: 10727
003 - CONTROL NUMBER IDENTIFIER
- control field: NUST
005 - DATE AND TIME OF LATEST TRANSACTION
- control field: 20180601062656.0
008 - FIXED-LENGTH DATA ELEMENTS
- fixed length control field: 180601|| aca||aabn | a|a d
040 ## - CATALOGING SOURCE
- Original cataloging agency: NUST
- Transcribing agency: NUST
100 ## - HEADING--PERSONAL NAME
- Personal name: Hurlburt, Russell T.
670 ## - SOURCE DATA FOUND
- Source citation: Work cat.: (NUST)0: Hurlburt, Russell T., Comprehending behavioral statistics , c1998.
